Comedias selectas

Guardado en:
書目詳細資料
主要作者: Castro, Guillen de
格式: 圖書
語言:Undetermined
出版: Barcelona, España Iberia 1961
主題:
標簽: 添加標簽
沒有標簽, 成為第一個標記此記錄!

MARC

LEADER 00000nam a2200000Ia 4500
008 170316s9999 xx 000 0 und d
040 |a cru BVZT 
090 |a 862 C-26c 
100 |a Castro, Guillen de 
245 |a Comedias selectas 
260 |a Barcelona, España 
260 |b Iberia 
260 |c 1961 
300 |a 232 páginas 
650 |a LITERATURA ESPAÑOLA 
999 |c 9641  |d 9641 
942 |c 15 D  |h 862 C-26c  |2 z